Hồn Việt

Gespeichert in:
Bibliographische Detailangaben
Körperschaft: Trung tâm Nghiên cứu Quốc học
Format: Buch
Sprache:Undetermined
Veröffentlicht: Hà Nội Văn học 2004
Schlagworte:
Tags: Tag hinzufügen
Keine Tags, Fügen Sie den ersten Tag hinzu!
Thư viện lưu trữ: Trung tâm Học liệu Trường Đại học Cần Thơ
LEADER 00510nam a2200181Ia 4500
001 CTU_91000
008 210402s9999 xx 000 0 und d
082 |a 306 
082 |b Tr513/T.2 
110 |a Trung tâm Nghiên cứu Quốc học 
245 0 |a Hồn Việt 
245 0 |c Trung tâm Nghiên cứu Quốc học 
260 |a Hà Nội 
260 |b Văn học 
260 |c 2004 
650 |a Culture 
904 |i Nguyên 
980 |a Trung tâm Học liệu Trường Đại học Cần Thơ